000 02342cam a2200457 a 4500
999 _c57528
_d57528
001 15369383
005 20200702130916.0
008 080716s2008 nyuabf b 001 0 eng d
010 _a 2008358012
020 _a9780871139795
020 _a0871139790
020 _a9780802144164
035 _a(OCoLC)ocn176987983
040 _aBTCTA
_cBTCTA
_dBAKER
_dYDXCP
_dZAE
_dCPL
_dVP@
_dYBM
_dQ2Z
_dDLC
041 _aeng
042 _alccopycat
050 0 0 _aHF352
_b.B47 2008
080 _a339.9+32 B-43
082 0 4 _a382.09
_222
100 1 _aBernstein, William J.
_98995
245 1 2 _aA splendid exchange :
_bhow trade shaped the world /
_cWilliam J. Bernstein.
250 _a1st ed.
260 _aNew York :
_bAtlantic Monthly Press ;
_a[Berkeley, Calif.?] :
_bDistributed by Publishers Group West,
_cc2008.
300 _ax, 467 p., [16] p. of plates :
_bill., maps ;
_c24 cm.
504 _aIncludes bibliographical references (p. [429]-447) and index.
505 0 _aSumer -- The straits of trade -- Camels, perfumes, and prophets -- The Baghdad-Canton express -- The taste of trade and the captives of trade -- The disease of trade -- Da Gama's urge -- A world encompassed -- The coming of corporations -- Transplants -- The triumph and tragedy of free trade -- What Henry Bessemer wrought -- Collapse -- The Battle of Seattle.
520 _aTraces the evolution of international trade, from ancient Mesopotamia to today's global marketplace, exploring the influence of commerce on agriculture, technology, politics, and civilization as a whole.
650 0 _aInternational trade
_xHistory.
_98996
650 0 _aInternational economic relations
_xHistory.
_98997
650 0 _aInternational business enterprises
_xHistory.
_98998
650 0 _aGlobalization
_xHistory.
_98999
650 7 _aInternational trade
_xHistory.
_2sears
_98996
650 7 _aGlobalization
_xHistory.
_2sears
_98999
653 _aეკონომიკა
653 _aვაჭრობა
653 _aვაჭრობა მსოფლიოში
856 4 2 _3Publisher description
_uhttp://www.loc.gov/catdir/enhancements/fy1502/2008358012-d.html
906 _a7
_bcbc
_ccopycat
_d2
_encip
_f20
_gy-gencatlg
942 _2udc
_cBK
955 _aCADuf24 2008-07-16 z-processor;
_auf22 2008-09-17 2 copies to COP
_ixj01 2008-10-31
_axj01 forwarded to BCCD